[Event "4NCL Online Division 4"]
[Site "online"]
[Date "2021.10.05"]
[EventDate "2021.10.05"]
[Round "4.143"]
[White "Rowland, Benjamin"]
[WhiteElo "1108"]
[WhiteTeam "Barnet Knights C"]
[Black "Acharya, Kandara"]
[BlackElo "1604"]
[BlackTeam "Ashton"]
[Result "0-1"]
[PlyCount "140"]

1. e4 c5 2. c3 d5 3. exd5 Qxd5 4. Nf3 g6 5. d4 Bg7 6. Bb5+ Bd7 7. Bxd7+ Nxd7 8. Be3 Ngf6 9. O-O cxd4 10. Qxd4 O-O 11. Rd1 Qxd4 12. Bxd4 Rfd8 13. Nbd2 Nb6 14. Nb3 Ne4 15. Bxg7 Kxg7 16. Re1 f5 17. Nfd4 Kf7 18. f3 Nf6 19. Re2 Nc4 20. Rae1 e5 21. Nb5 a6 22. Na3 Nxa3 23. bxa3 e4 24. fxe4 Nxe4 25. Re3 Rac8 26. Rc1 Nd2 27. Kf2 Nc4 28. Rh3 Kg7 29. a4 Nd2 30. Rc2 Ne4+ 31. Ke2 Rc4 32. a5 Rdc8 33. Nd2 Nxd2 34. Kxd2 Ra4 35. Rb2 Rc7 36. Rd3 Rxa5 37. Rd6 Rac5 38. Rb3 Ra5 39. a3 b5 40. Kd3 Ra4 41. Rd4 Rac4 42. Rd6 a5 43. Rd4 a4 44. Rxb5 Rxc3+ 45. Ke2 Rxa3 46. Ra5 Ra2+ 47. Kf3 a3 48. Rd3 Rcc2 49. Ra7+ Kh6 50. Rdd7 Rf2+ 51. Ke3 Rae2+ 52. Kd3 Rd2+ 53. Kc3 Rxd7 54. Rxd7 a2 55. Ra7 Rxg2 56. Kb3 Rxh2 57. Rxa2 Rxa2 58. Kxa2 f4 59. Kb2 f3 60. Kc2 f2 61. Kd2 f1=Q 62. Ke3 Qc4 63. Kf3 Kg5 64. Ke3 Kf5 65. Kf3 Qd3+ 66. Kf2 Kf4 67. Kg2 Qg3+ 68. Kf1 Qh2 69. Ke1 Ke3 70. Kf1 Qh1# 0-1

[Event "4NCL Online Division 4"]
[Site "online"]
[Date "2021.10.05"]
[EventDate "2021.10.05"]
[Round "4.144"]
[White "Mundy, Jack"]
[WhiteElo "1544"]
[WhiteTeam "Ashton"]
[Black "Malus, Sean"]
[BlackElo "1200"]
[BlackTeam "Barnet Knights C"]
[Result "0-1"]
[PlyCount "48"]

1. e4 d6 2. d4 Nf6 3. Nc3 g6 4. Nf3 Nc6 5. Bc4 Bg7 6. Ng5 O-O 7. Nd5 e5 8. dxe5 Nxe5 9. Bb3 h6 10. Nf3 Nxe4 11. Nxe5 dxe5 12. f3 Qh4+ 13. g3 Nxg3 14. Ne7+ Kh7 15. Rg1 Nf5+ 16. Kd2 Nxe7 17. Re1 Rd8+ 18. Ke2 Qxh2+ 19. Ke3 Nf5+ 20. Ke4 Rxd1 21. Rxd1 Qe2+ 22. Kd5 Be6+ 23. Kc5 Bf8+ 24. Rd6 Bxd6# 0-1

[Event "4NCL Online Division 4"]
[Site "online"]
[Date "2021.10.05"]
[EventDate "2021.10.05"]
[Round "4.151"]
[White "Pert, Max"]
[WhiteElo "1692"]
[WhiteTeam "Brentwood Juniors"]
[Black "Thackray, John"]
[BlackElo "1929"]
[BlackTeam "St Andrews White Cross"]
[Result "1-0"]
[PlyCount "83"]

1. d4 d5 2. Nf3 Nf6 3. c4 e6 4. Nc3 c6 5. Bg5 Nbd7 6. e3 Qa5 7. Nd2 Bb4 8. Qc2 O-O 9. Be2 e5 10. O-O exd4 11. Nb3 Qd8 12. Nxd4 h6 13. Bh4 dxc4 14. Bxc4 Ne5 15. Bb3 Bxc3 16. bxc3 Kh8 17. Rad1 Qe7 18. Nf5 Bxf5 19. Qxf5 g5 20. Bg3 Rae8 21. h4 g4 22. Bf4 Kg7 23. Bc2 Ng6 24. Bd6 Nxh4 25. Bxe7 Nxf5 26. Bxf8+ Kxf8 27. Bxf5 h5 28. Rd4 Nd5 29. c4 Nc3 30. Rd7 Rb8 31. g3 a6 32. Kg2 Nxa2 33. Rfd1 Ke8 34. Rc7 b5 35. cxb5 cxb5 36. Rdd7 b4 37. Re7+ Kf8 38. Rxf7+ Kg8 39. Rg7+ Kh8 40. Rh7+ Kg8 41. Rcg7+ Kf8 42. Be6 1-0

[Event "4NCL Online Division 4"]
[Site "online"]
[Date "2021.10.05"]
[EventDate "2021.10.05"]
[Round "4.152"]
[White "Clayton, Ashley"]
[WhiteElo "1593"]
[WhiteTeam "St Andrews White Cross"]
[Black "Willoughby, Christopher"]
[BlackElo "1683"]
[BlackTeam "Brentwood Juniors"]
[Result "0-1"]
[PlyCount "103"]

1. e4 e5 2. Nc3 Nf6 3. f4 d5 4. fxe5 Nxe4 5. Qf3 Bc5 6. Nxe4 dxe4 7. Qxe4 O-O 8. Nf3 Nc6 9. c3 Bb6 10. d4 Be6 11. Bd3 g6 12. O-O Bf5 13. Qe2 Bxd3 14. Qxd3 Re8 15. Kh1 Nxe5 16. Nxe5 Rxe5 17. Qc4 Qd5 18. Qxd5 Rxd5 19. Bf4 Re8 20. Rae1 Rdd8 21. Bg5 Rc8 22. Bh4 f5 23. Bg3 Rxe1 24. Rxe1 Kf7 25. h3 Re8 26. Rxe8 Kxe8 27. Kg1 Kf7 28. Kf1 Ke6 29. Ke2 Kd5 30. Kd3 g5 31. c4+ Ke6 32. Be1 c6 33. b3 Bc7 34. Bd2 g4 35. hxg4 fxg4 36. Ke4 h5 37. Bf4 Bd8 38. Be5 h4 39. Kf4 h3 40. gxh3 gxh3 41. Kg3 c5 42. Kxh3 Bb6 43. dxc5 Kxe5 44. cxb6 axb6 45. Kg4 Kd4 46. Kf4 Kc3 47. Ke4 Kb2 48. b4 Kxa2 49. Kd3 Ka3 50. Kc3 Ka4 51. b5 Ka3 52. Kd4 0-1

[Event "4NCL Online Division 4"]
[Site "online"]
[Date "2021.10.05"]
[EventDate "2021.10.05"]
[Round "4.153"]
[White "Willoughby, Andrew P"]
[WhiteElo "1731"]
[WhiteTeam "Brentwood Juniors"]
[Black "Scott, Ian"]
[BlackElo "1594"]
[BlackTeam "St Andrews White Cross"]
[Result "1-0"]
[PlyCount "99"]

1. e4 c6 2. d4 d5 3. Nc3 dxe4 4. f3 exf3 5. Nxf3 Nf6 6. Bd3 Bg4 7. Be3 e6 8. O-O Bd6 9. Qe1 Nbd7 10. Ne4 Nxe4 11. Bxe4 Nf6 12. Bg5 Qc7 13. Ne5 Nxe4 14. Qxe4 Bf5 15. Qe2 f6 16. Rxf5 fxg5 17. Rxg5 O-O-O 18. Rf1 Rhf8 19. Qg4 Rxf1+ 20. Kxf1 Rf8+ 21. Kg1 Bxe5 22. Qxe6+ Kb8 23. Qxe5 g6 24. h4 Kc8 25. Qxc7+ Kxc7 26. h5 Rf6 27. Re5 Kd7 28. c3 Kd8 29. hxg6 hxg6 30. Re3 Kd7 31. Rf3 Re6 32. Kf2 Ke7 33. Re3 Kf6 34. Rxe6+ Kxe6 35. Kf3 Kf5 36. c4 b6 37. a4 a5 38. b3 Ke6 39. Kf4 Kf6 40. d5 cxd5 41. cxd5 g5+ 42. Ke4 g4 43. Kd4 Kf5 44. Kc4 Ke5 45. Kb5 Kxd5 46. Kxb6 Kd6 47. Kxa5 Kc5 48. Ka6 Kb4 49. a5 Kc5 50. Kb7 1-0

[Event "4NCL Online Division 4"]
[Site "online"]
[Date "2021.10.05"]
[EventDate "2021.10.05"]
[Round "4.154"]
[White "Stamp, Edward"]
[WhiteElo "1446"]
[WhiteTeam "St Andrews White Cross"]
[Black "Willoughby, Charlotte"]
[BlackElo "1622"]
[BlackTeam "Brentwood Juniors"]
[Result "0-1"]
[PlyCount "76"]

1. d4 Nf6 2. c4 e5 3. dxe5 Ng4 4. Nf3 Nc6 5. Bf4 Bb4+ 6. Nc3 Qe7 7. e4 Ngxe5 8. Qc2 Nxf3+ 9. gxf3 Nd4 10. Qd3 Qf6 11. Rd1 Qxf4 12. Qxd4 O-O 13. Bg2 d6 14. Qe3 Qxe3+ 15. fxe3 Re8 16. Rd3 f5 17. Ke2 Bxc3 18. Rxc3 fxe4 19. fxe4 Rf8 20. Bf3 Be6 21. b3 a5 22. Rg1 a4 23. b4 Rf7 24. Rg3 a3 25. h4 Ra4 26. Kd3 Rxb4 27. Kd4 b5 28. Be2 c5+ 29. Kd3 Bxc4+ 30. Rxc4 bxc4+ 31. Kc3 Kf8 32. Bxc4 Rf2 33. Bb3 Rxe4 34. Kd3 Rxh4 35. Bd5 g6 36. e4 Ke7 37. Kc4 Rxa2 38. Kb3 Rah2 0-1

[Event "4NCL Online Division 4"]
[Site "online"]
[Date "2021.10.05"]
[EventDate "2021.10.05"]
[Round "4.162"]
[White "Gardiner, Harry"]
[WhiteElo "1698"]
[WhiteTeam "Crewe BOL"]
[Black "Hill, Michael"]
[BlackElo "1701"]
[BlackTeam "Calstock Killers"]
[Result "1-0"]
[PlyCount "51"]

1. d4 Nf6 2. c4 e6 3. Nf3 b6 4. g3 Bb7 5. Bg2 d6 6. O-O Nbd7 7. Nc3 Be7 8. Re1 O-O 9. e4 c5 10. d5 exd5 11. cxd5 h6 12. e5 dxe5 13. d6 e4 14. dxe7 Qxe7 15. Nh4 Rfe8 16. Nf5 Qe5 17. Nd6 Re6 18. Nxb7 Qc7 19. Nxe4 Nxe4 20. Bxe4 Rae8 21. Bf4 Ne5 22. Bxe5 Rxe5 23. Qd6 Qe7 24. Qxe7 R8xe7 25. Nd6 R7e6 26. f4 1-0

[Event "4NCL Online Division 4"]
[Site "online"]
[Date "2021.10.05"]
[EventDate "2021.10.05"]
[Round "4.163"]
[White "Kirkman, Nigel J"]
[WhiteElo "1692"]
[WhiteTeam "Calstock Killers"]
[Black "Michalek, Lukasz"]
[BlackElo "1626"]
[BlackTeam "Crewe BOL"]
[Result "0-1"]
[PlyCount "50"]

1. d4 f5 2. Bg5 Nf6 3. Bxf6 exf6 4. e3 c6 5. c4 Bb4+ 6. Nc3 d5 7. a3 Bxc3+ 8. bxc3 Be6 9. c5 Nd7 10. Nh3 g5 11. Bd3 Qe7 12. Kd2 b6 13. Qc2 bxc5 14. Bxf5 Bxf5 15. Qxf5 Nb6 16. Rhf1 Nc4+ 17. Kc2 cxd4 18. e4 dxe4 19. Rfe1 d3+ 20. Kd1 Nd6 21. Qc5 O-O 22. f3 f5 23. fxe4 fxe4 24. Qxc6 Qe6 25. Nf2 Qb3+ 0-1

[Event "4NCL Online Division 4"]
[Site "online"]
[Date "2021.10.05"]
[EventDate "2021.10.05"]
[Round "4.164"]
[White "Nienaber, Kobus"]
[WhiteElo "1535"]
[WhiteTeam "Crewe BOL"]
[Black "Young, Andy"]
[BlackElo "1504"]
[BlackTeam "Calstock Killers"]
[Result "1-0"]
[PlyCount "79"]

1. d4 d5 2. Nc3 Bf5 3. Bf4 e6 4. a3 c5 5. dxc5 Bxc5 6. Nf3 Nf6 7. e3 Nc6 8. Nb5 Qa5+ 9. c3 O-O 10. b4 Bxb4 11. axb4 Qd8 12. Nc7 Rc8 13. Bb5 e5 14. Nxe5 Rxc7 15. Nxc6 Rxc6 16. Bxc6 bxc6 17. Rxa7 Ne4 18. Qd4 Qh4 19. O-O g5 20. Bg3 Qh6 21. Rfa1 Nxg3 22. fxg3 f6 23. Ra8 Be4 24. Qc5 Rxa8 25. Rxa8+ Kf7 26. Ra7+ Kg6 27. Rc7 g4 28. Qd4 Qg5 29. Rxc6 h5 30. Rc8 Kf5 31. Qd2 h4 32. gxh4 Qxh4 33. Qf2+ Qxf2+ 34. Kxf2 Ke6 35. h3 gxh3 36. gxh3 Kd6 37. c4 Bf5 38. c5+ Kd7 39. Rh8 Be4 40. h4 1-0

[Event "4NCL Online Division 4"]
[Site "online"]
[Date "2021.10.19"]
[EventDate "2021.10.19"]
[Round "5.11"]
[White "Taylor, Robert P"]
[WhiteElo "1671"]
[WhiteTeam "Ashfield Anonymous D"]
[Black "Carpenter, Martin"]
[BlackElo "2043"]
[BlackTeam "Eagle and Child"]
[Result "0-1"]
[PlyCount "78"]

1. d4 Nf6 2. Bg5 e6 3. e4 h6 4. Bxf6 Qxf6 5. Nf3 d6 6. Nc3 Nc6 7. Bc4 Bd7 8. O-O g5 9. Nb5 O-O-O 10. d5 Ne5 11. Nxe5 Qxe5 12. Nxa7+ Kb8 13. Nb5 Qxe4 14. Bd3 Qxd5 15. c4 Qc5 16. a4 Bc6 17. Qd2 d5 18. Qa5 Qb6 19. Qc3 d4 20. Qc2 e5 21. Rfc1 Bc5 22. a5 Qa6 23. b4 Bxb4 24. Ra4 Bc5 25. Rb1 Rhe8 26. Re1 Re7 27. Ra2 Rde8 28. Be4 Bxe4 29. Qxe4 c6 30. Na3 Kc7 31. Rea1 Ra8 32. Nc2 Qxc4 33. Ne1 Qd5 34. Qc2 e4 35. a6 Rxa6 36. Rxa6 bxa6 37. Rxa6 d3 38. Qd2 Kd6 39. h4 e3 0-1

[Event "4NCL Online Division 4"]
[Site "online"]
[Date "2021.10.19"]
[EventDate "2021.10.19"]
[Round "5.12"]
[White "Bedi, Adam"]
[WhiteElo "2002"]
[WhiteTeam "Eagle and Child"]
[Black "Fraser, Chris"]
[BlackElo "1562"]
[BlackTeam "Ashfield Anonymous D"]
[Result "1-0"]
[PlyCount "69"]

1. d4 Nf6 2. c4 e6 3. g3 Bb4+ 4. Bd2 Qe7 5. Bg2 Nc6 6. Nf3 Bxd2+ 7. Nbxd2 d6 8. O-O O-O 9. e4 e5 10. d5 Nb8 11. b4 a5 12. a3 Na6 13. Qb3 b6 14. h3 Bd7 15. Qc3 a4 16. Ne1 Ne8 17. Nd3 f5 18. f4 fxe4 19. Nxe4 exf4 20. Nxf4 Nf6 21. Rae1 Nxe4 22. Rxe4 Qf6 23. Qe3 Rae8 24. Ne6 Qh6 25. Rxf8+ Rxf8 26. Qxh6 gxh6 27. Nxf8 Kxf8 28. Kf2 Kf7 29. Rf4+ Kg7 30. g4 h5 31. gxh5 b5 32. Bf1 c6 33. dxc6 Bxc6 34. cxb5 Nxb4 35. Rxb4 1-0

[Event "4NCL Online Division 4"]
[Site "online"]
[Date "2021.10.19"]
[EventDate "2021.10.19"]
[Round "5.13"]
[White "Hardman, Daniel"]
[WhiteElo "1541"]
[WhiteTeam "Ashfield Anonymous D"]
[Black "Herman, Thomas"]
[BlackElo "1832"]
[BlackTeam "Eagle and Child"]
[Result "0-1"]
[PlyCount "88"]

1. e4 Nc6 2. Nc3 e5 3. Bc4 Nf6 4. d3 Bb4 5. Ne2 O-O 6. O-O Nd4 7. Bg5 Nxe2+ 8. Qxe2 c6 9. Qf3 d6 10. Bxf6 Qxf6 11. Qxf6 gxf6 12. Ne2 a5 13. f4 b5 14. Bb3 a4 15. c3 Bc5+ 16. d4 axb3 17. dxc5 dxc5 18. axb3 Be6 19. b4 Bc4 20. Rxa8 Rxa8 21. Re1 cxb4 22. cxb4 Ra2 23. fxe5 fxe5 24. Ng3 Rxb2 25. Nf5 Kf8 26. Ra1 Ke8 27. Ra8+ Kd7 28. Ra7+ Kd8 29. Ra8+ Kc7 30. Re8 Rxb4 31. Re7+ Kb6 32. Rxe5 Be6 33. Nd6 Rd4 34. Nf5 Bxf5 35. Rxf5 Rd7 36. Kf2 b4 37. Rf3 Kb5 38. Ke2 c5 39. Rd3 Rxd3 40. Kxd3 c4+ 41. Kc2 Kc5 42. g4 Kd4 43. h4 Kxe4 44. g5 Kf5 0-1

[Event "4NCL Online Division 4"]
[Site "online"]
[Date "2021.10.19"]
[EventDate "2021.10.19"]
[Round "5.14"]
[White "Monteiro, Paulo"]
[WhiteElo "1826"]
[WhiteTeam "Eagle and Child"]
[Black "Pitts, Daniel"]
[BlackElo "1291"]
[BlackTeam "Ashfield Anonymous D"]
[Result "1/2-1/2"]
[PlyCount "105"]

1. e4 e6 2. d4 d5 3. Nc3 Nf6 4. Bg5 dxe4 5. Nxe4 Be7 6. Ng3 Nbd7 7. Nf3 h6 8. Bd2 b6 9. Bd3 Bb7 10. O-O g5 11. Bc3 g4 12. Nd2 h5 13. Nge4 h4 14. Nxf6+ Nxf6 15. Bb5+ c6 16. Be2 Rg8 17. b3 a6 18. Bb2 c5 19. Nc4 g3 20. fxg3 hxg3 21. h3 cxd4 22. Bxd4 b5 23. Ne5 Qc7 24. Bf3 Bxf3 25. Qxf3 Rd8 26. c3 Rd5 27. Rad1 Rg5 28. Nd3 Rgf5 29. Qe3 a5 30. Nf4 Rxf4 31. Qxf4 Qxf4 32. Rxf4 e5 33. Rf5 exd4 34. Rxd5 Nxd5 35. cxd4 Nc3 36. Rd3 Nxa2 37. Rxg3 Nc1 38. Kf1 a4 39. bxa4 bxa4 40. Rg8+ Kd7 41. Ra8 a3 42. h4 Nd3 43. Ke2 Nf4+ 44. Kf3 Nd5 45. h5 Nf6 46. h6 Nh7 47. Ke4 Ke6 48. Ra6+ Kd7 49. Kd5 Nf6+ 50. Kc4 Nh7 51. Kd5 Nf6+ 52. Kc4 Nh7 53. Kd5 1/2-1/2

[Event "4NCL Online Division 4"]
[Site "online"]
[Date "2021.10.19"]
[EventDate "2021.10.19"]
[Round "5.22"]
[White "Lord, Peter R"]
[WhiteElo "1684"]
[WhiteTeam "Uxbridge Bulldogs"]
[Black "Eccleston, Rowan"]
[BlackElo "1233"]
[BlackTeam "Manchester Juniors C"]
[Result "1-0"]
[PlyCount "103"]

1. Nf3 Nc6 2. c4 e5 3. d3 d6 4. g3 Nf6 5. Nc3 g6 6. a3 Bg7 7. b4 O-O 8. Bb2 Re8 9. Bg2 e4 10. Ng5 exd3 11. Qxd3 Qe7 12. e3 Bf5 13. Qe2 Nd7 14. Nh3 Qe6 15. Nf4 Qe5 16. Na4 Qe7 17. Nd5 Qd8 18. Bxg7 Kxg7 19. Qb2+ f6 20. Rd1 Nce5 21. Qc3 c6 22. Nf4 Nb6 23. Nb2 Bg4 24. Ne2 Qd7 25. c5 Nc8 26. cxd6 Nxd6 27. Qc5 Red8 28. h3 Bf5 29. e4 Be6 30. f4 Nec4 31. Nxc4 Bxc4 32. e5 fxe5 33. fxe5 Bb3 34. Rxd6 Qf5 35. Rxd8 Rxd8 36. Qe7+ Kh6 37. Qxd8 Qb1+ 38. Kf2 Qf5+ 39. Bf3 Bd5 40. Qh4+ Kg7 41. Qf6+ Kh6 42. Qxf5 gxf5 43. Bxd5 cxd5 44. Rd1 a6 45. Rxd5 b5 46. e6 f4 47. e7 fxg3+ 48. Nxg3 a5 49. e8=Q a4 50. Qh5+ Kg7 51. Rd7+ Kf6 52. Qf5# 1-0

[Event "4NCL Online Division 4"]
[Site "online"]
[Date "2021.10.19"]
[EventDate "2021.10.19"]
[Round "5.23"]
[White "Fung, Marcus"]
[WhiteElo "1091"]
[WhiteTeam "Manchester Juniors C"]
[Black "Knight, Daniel"]
[BlackElo "1664"]
[BlackTeam "Uxbridge Bulldogs"]
[Result "0-1"]
[PlyCount "58"]

1. d3 e5 2. Nc3 Nc6 3. e4 Bc5 4. Nf3 d6 5. Be3 Bxe3 6. fxe3 Nf6 7. d4 exd4 8. exd4 Qe7 9. Bd3 Bg4 10. d5 Ne5 11. Be2 Nfd7 12. Nxe5 Bxe2 13. Qxe2 Nxe5 14. O-O-O a6 15. Rhf1 O-O-O 16. Nb1 Qg5+ 17. Nd2 f6 18. Kb1 Rhe8 19. Nf3 Qh6 20. Nxe5 Rxe5 21. h3 Kb8 22. Rd3 Rde8 23. Rd4 Qh4 24. Re1 f5 25. Rb4 Rxe4 26. Rxe4 Rxe4 27. Qxe4 fxe4 28. Rc1 e3 29. c4 e2 0-1

[Event "4NCL Online Division 4"]
[Site "online"]
[Date "2021.10.19"]
[EventDate "2021.10.19"]
[Round "5.24"]
[White "Price, Michael C"]
[WhiteElo "1644"]
[WhiteTeam "Uxbridge Bulldogs"]
[Black "Pearson, Matt D"]
[BlackElo "1174"]
[BlackTeam "Manchester Juniors C"]
[Result "1-0"]
[PlyCount "61"]

1. e4 e5 2. Nf3 Nc6 3. Bb5 a6 4. Ba4 b5 5. Bb3 Bc5 6. c3 Nf6 7. O-O Nxe4 8. d4 exd4 9. cxd4 Bb6 10. Re1 f5 11. Bd5 Qe7 12. Bg5 Qb4 13. Bxe4 Rb8 14. Bxc6+ Kf7 15. Bd5+ Kg6 16. Bd2 Qxb2 17. Bc3 Qxa1 18. Bxa1 c6 19. Bb3 Ba5 20. Nc3 Bb7 21. g3 c5 22. Nh4+ Kg5 23. f4+ Kh6 24. dxc5 Rbc8 25. Nxf5+ Kg6 26. Ne7+ Kf6 27. Nxc8 Bxc8 28. Qd6+ Kf5 29. Re5+ Kg4 30. Bd1+ Kh3 31. Rh5# 1-0

[Event "4NCL Online Division 4"]
[Site "online"]
[Date "2021.10.19"]
[EventDate "2021.10.19"]
[Round "5.31"]
[White "Wang, Luoke"]
[WhiteElo "1497"]
[WhiteTeam "Kent KJCA Kestrels 5"]
[Black "Kriman, Salim"]
[BlackElo "2025"]
[BlackTeam "Hackney Hackers"]
[Result "0-1"]
[PlyCount "96"]

1. d4 Nf6 2. c4 g6 3. g3 c6 4. Nf3 d5 5. Bg2 Bg7 6. O-O O-O 7. Nbd2 Ne4 8. b3 Bf5 9. Bb2 Qa5 10. Nxe4 Bxe4 11. Qd2 Qxd2 12. Nxd2 Bxg2 13. Kxg2 dxc4 14. bxc4 Rd8 15. Nb3 Nd7 16. Rab1 b6 17. Ba3 e5 18. d5 cxd5 19. cxd5 Nf6 20. d6 Ne4 21. Rbd1 Bf8 22. Bb2 Bxd6 23. Nd2 Nxd2 24. Rxd2 Bc7 25. Rc2 Rd7 26. Rfc1 Bd6 27. Rd1 Rad8 28. Rcd2 Kf8 29. Bxe5 Ke7 30. Bc3 Ke8 31. Kf3 Be7 32. Ke4 f5+ 33. Ke5 Rc7 34. Rxd8+ Bxd8 35. Bb4 a5 36. Bd6 Rc2 37. e3 Rxa2 38. Ke6 Rxf2 39. h4 Rc2 40. g4 Bc7 41. gxf5 Rc6 42. fxg6 hxg6 43. e4 Rxd6+ 44. Rxd6 Bxd6 45. Kxd6 a4 46. e5 a3 47. e6 a2 48. e7 a1=Q 0-1

[Event "4NCL Online Division 4"]
[Site "online"]
[Date "2021.10.19"]
[EventDate "2021.10.19"]
[Round "5.32"]
[White "Figueroa, Edison"]
[WhiteElo "1791"]
[WhiteTeam "Hackney Hackers"]
[Black "Sagar, Aneesh"]
[BlackElo "1597"]
[BlackTeam "Kent KJCA Kestrels 5"]
[Result "1-0"]
[PlyCount "37"]

1. e4 e5 2. Nf3 Nc6 3. d4 exd4 4. Bc4 Bc5 5. c3 dxc3 6. Bxf7+ Kxf7 7. Qd5+ Ke8 8. Qxc5 Nf6 9. Nxc3 d6 10. Qg5 Be6 11. O-O Bf7 12. Qb5 Qc8 13. e5 a6 14. Qa4 b5 15. Nxb5 axb5 16. Qxb5 Kd7 17. exf6 Ra5 18. Ne5+ Ke6 19. Qb3+ 1-0

[Event "4NCL Online Division 4"]
[Site "online"]
[Date "2021.10.19"]
[EventDate "2021.10.19"]
[Round "5.33"]
[White "Heard, Tom"]
[WhiteElo "1517"]
[WhiteTeam "Kent KJCA Kestrels 5"]
[Black "Conway, Paul Bernard"]
[BlackElo "1833"]
[BlackTeam "Hackney Hackers"]
[Result "1-0"]
[PlyCount "117"]

1. e4 e6 2. d4 b6 3. c4 Bb7 4. Nc3 Bb4 5. Bd3 Nf6 6. Qe2 Nc6 7. Nf3 Bxc3+ 8. bxc3 d6 9. Bg5 e5 10. O-O h6 11. Bd2 Qd7 12. c5 exd4 13. cxd4 dxc5 14. dxc5 Nd4 15. Nxd4 Qxd4 16. cxb6 axb6 17. e5 Nd5 18. e6 O-O 19. exf7+ Rxf7 20. Bc4 Rff8 21. Rad1 Kh8 22. Bb4 Nc3 23. Rxd4 Nxe2+ 24. Bxe2 Rfe8 25. Rd2 c5 26. Bc3 Ra3 27. Bb5 Re7 28. Ba1 Ra5 29. a4 Ba6 30. Bxa6 Rxa6 31. Rd6 Rb7 32. Rxh6+ Kg8 33. Rh4 Rba7 34. Be5 Rxa4 35. Rxa4 Rxa4 36. Rb1 Re4 37. f4 g5 38. g3 gxf4 39. Bxf4 Re6 40. Bc7 Rc6 41. Bxb6 c4 42. Be3 c3 43. Bf4 Kf7 44. Rc1 Ke6 45. Kf2 Kd5 46. Ke3 Kc4 47. Rc2 Kb3 48. Rc1 Kb2 49. Kd3 c2 50. h4 Rc8 51. h5 Rd8+ 52. Ke2 Re8+ 53. Kf2 Rd8 54. Ke2 Re8+ 55. Kf2 Rd8 56. h6 Rd1 57. h7 Rxc1 58. h8=Q+ Kb1 59. Qb8+ 1-0

[Event "4NCL Online Division 4"]
[Site "online"]
[Date "2021.10.19"]
[EventDate "2021.10.19"]
[Round "5.34"]
[White "Friel, Jamie"]
[WhiteElo "1712"]
[WhiteTeam "Hackney Hackers"]
[Black "Manikandan, Gaurav"]
[BlackElo "1338"]
[BlackTeam "Kent KJCA Kestrels 5"]
[Result "0-1"]
[PlyCount "98"]

1. e4 e5 2. f4 exf4 3. Bc4 Nf6 4. e5 d5 5. exf6 dxc4 6. Qe2+ Be6 7. fxg7 Bxg7 8. Nf3 Nc6 9. O-O Nd4 10. Nxd4 Qxd4+ 11. Kh1 O-O-O 12. Nc3 h5 13. d3 cxd3 14. cxd3 Bg4 15. Qf2 Qxf2 16. Rxf2 Bd4 17. Rf1 Bxc3 18. bxc3 Rxd3 19. Bxf4 Rhd8 20. h3 Be2 21. Rf2 Rd1+ 22. Rxd1 Rxd1+ 23. Kh2 Bc4 24. Kg3 Rd3+ 25. Rf3 Rxf3+ 26. Kxf3 Bxa2 27. Ke4 c6 28. Be3 Bd5+ 29. Kf5 Bxg2 30. Bxa7 Bxh3+ 31. Kg5 Bg4 32. Bf2 Kd7 33. Kf6 b5 34. Kxf7 Kd6 35. Kf6 Kd5 36. Kg5 Kc4 37. Be1 c5 38. Kf4 b4 39. cxb4 cxb4 40. Bh4 b3 41. Bf6 Kd3 42. Kg3 Kc2 43. Kh4 b2 44. Bxb2 Kxb2 45. Kg3 Kc2 46. Kh4 Kd2 47. Kg3 Ke2 48. Kh4 Kf2 49. Kg5 Kg3 0-1

[Event "4NCL Online Division 4"]
[Site "online"]
[Date "2021.10.19"]
[EventDate "2021.10.19"]
[Round "5.41"]
[White "Smith, Mark"]
[WhiteElo "1876"]
[WhiteTeam "Wolfpack 1"]
[Black "Frostick, Helen M"]
[BlackElo "1707"]
[BlackTeam "Farnham B"]
[Result "1-0"]
[PlyCount "81"]

1. e4 g6 2. d4 Bg7 3. Nc3 d6 4. Bc4 Nd7 5. Qe2 Nb6 6. Bb3 Bxd4 7. Nf3 Bg4 8. Bxf7+ Kxf7 9. Ng5+ Ke8 10. Qxg4 Qd7 11. Qxd7+ Nxd7 12. Nb5 Bb6 13. Ne6 Rc8 14. Bd2 c6 15. Nbd4 Nc5 16. f3 Nxe6 17. Nxe6 Kd7 18. Bc3 Nf6 19. Nd4 e5 20. Nb3 Rhf8 21. Ke2 Ke6 22. a4 a6 23. a5 Ba7 24. Bb4 Rf7 25. Rad1 Rd7 26. Rhe1 c5 27. Ba3 b5 28. axb6 Bxb6 29. Nd2 d5 30. b3 d4 31. Nc4 Bd8 32. Ra1 Ne8 33. Bc1 Rc6 34. Bd2 Nd6 35. Kd3 Nxc4 36. Kxc4 Kd6 37. Ra4 Rb7 38. Rea1 Ra7 39. Bh6 Bc7 40. Bf8+ Kd7 41. Kd5 1-0

[Event "4NCL Online Division 4"]
[Site "online"]
[Date "2021.10.19"]
[EventDate "2021.10.19"]
[Round "5.42"]
[White "Bourke, Matt"]
[WhiteElo "1558"]
[WhiteTeam "Farnham B"]
[Black "Collett, Ray A"]
[BlackElo "1874"]
[BlackTeam "Wolfpack 1"]
[Result "1-0"]
[PlyCount "101"]

1. e4 c5 2. Nf3 d6 3. Bb5+ Bd7 4. Bxd7+ Nxd7 5. O-O Ngf6 6. Re1 g6 7. c3 Bg7 8. d4 e6 9. Bg5 Qc7 10. e5 dxe5 11. Nxe5 h6 12. Bh4 O-O 13. Na3 a6 14. Bg3 Qc8 15. Nac4 Ra7 16. Nd6 Qd8 17. dxc5 Nxc5 18. Qd4 b6 19. Nc6 Nfd7 20. Nxd8 Bxd4 21. Nc6 Rc7 22. Nxd4 e5 23. Ne4 Rcc8 24. Nxc5 Nxc5 25. Bxe5 Nd3 26. Re2 Rfe8 27. Bf6 Rxe2 28. Nxe2 Nxb2 29. Rb1 Nc4 30. h3 Rc6 31. Bd4 g5 32. Ng3 Kf8 33. Nf5 h5 34. Ne3 Nxe3 35. fxe3 b5 36. a3 Ke7 37. Rf1 f6 38. Rf5 Kf7 39. Rc5 Re6 40. Kf2 Kg6 41. Kf3 f5 42. Rc8 Kf7 43. Rb8 Rc6 44. Rb7+ Ke6 45. Rb6 Rxb6 46. Bxb6 Kd5 47. Bd4 Ke6 48. e4 fxe4+ 49. Kxe4 h4 50. Kf3 Kf5 51. Bg7 1-0

[Event "4NCL Online Division 4"]
[Site "online"]
[Date "2021.10.19"]
[EventDate "2021.10.19"]
[Round "5.43"]
[White "Wootton, Stephen G"]
[WhiteElo "1671"]
[WhiteTeam "Wolfpack 1"]
[Black "Young, Jonathan G"]
[BlackElo "1521"]
[BlackTeam "Farnham B"]
[Result "1/2-1/2"]
[PlyCount "65"]

1. e4 c6 2. d4 d5 3. e5 Bf5 4. Nf3 e6 5. Be2 Bb4+ 6. c3 Ba5 7. O-O Ne7 8. Nbd2 O-O 9. Nb3 Bb6 10. a4 a5 11. Be3 Na6 12. Nc5 Nxc5 13. dxc5 Bc7 14. Bd4 Bg6 15. Nh4 Be4 16. f3 Bg6 17. Nxg6 Nxg6 18. f4 Ne7 19. Bd3 g6 20. Qg4 Nf5 21. Bxf5 exf5 22. Qg3 Qe7 23. Rfe1 Qe6 24. Qh4 h5 25. Qf2 Kh7 26. h4 Bd8 27. g3 Be7 28. b4 Qd7 29. Qe2 Qe6 30. b5 Rab8 31. b6 Ra8 32. Rac1 Rfd8 33. Qf3 1/2-1/2

[Event "4NCL Online Division 4"]
[Site "online"]
[Date "2021.10.19"]
[EventDate "2021.10.19"]
[Round "5.44"]
[White "Amos, Alice"]
[WhiteElo "1432"]
[WhiteTeam "Farnham B"]
[Black "Gliddon, Daniel J"]
[BlackElo "1664"]
[BlackTeam "Wolfpack 1"]
[Result "0-1"]
[PlyCount "38"]

1. d4 Nf6 2. c4 g6 3. Nc3 d5 4. c5 Bg7 5. Nf3 O-O 6. g3 Nc6 7. Bg2 Bf5 8. O-O Re8 9. Bg5 Ne4 10. Rc1 Qd7 11. Bd2 Nxd4 12. Nxe4 Nxf3+ 13. exf3 dxe4 14. fxe4 Bg4 15. Qb3 Qxd2 16. f3 Be6 17. Qxb7 Rab8 18. Qxc7 Rxb2 19. Bh1 Qxh2# 0-1

[Event "4NCL Online Division 4"]
[Site "online"]
[Date "2021.10.19"]
[EventDate "2021.10.19"]
[Round "5.51"]
[White "Foster, Brian E"]
[WhiteElo "1574"]
[WhiteTeam "Uxbridge Cyclones"]
[Black "MacLeod, Alasdair"]
[BlackElo "1821"]
[BlackTeam "Deaf England 1"]
[Result "1/2-1/2"]
[PlyCount "106"]

1. d4 Nf6 2. c4 g6 3. Nc3 Bg7 4. e4 d6 5. Nf3 O-O 6. Be2 Nbd7 7. O-O e5 8. dxe5 Nxe5 9. Bg5 c6 10. Qc2 Qe7 11. Rad1 h6 12. Bxf6 Qxf6 13. Qd2 Rd8 14. Qe3 Be6 15. Nxe5 dxe5 16. Rxd8+ Qxd8 17. Rd1 Qc7 18. Qd2 Bf8 19. a3 Kg7 20. b4 Be7 21. Qc1 Rd8 22. Rxd8 Qxd8 23. Qd1 Qxd1+ 24. Nxd1 a5 25. c5 axb4 26. axb4 Kf8 27. Nb2 Ke8 28. Bc4 Kd7 29. Bxe6+ Kxe6 30. Nc4 Bd8 31. f3 Bc7 32. g3 f6 33. Kf2 Kd7 34. Ke3 Kc8 35. h3 Kb8 36. f4 Ka7 37. fxe5 Bxe5 38. Nxe5 fxe5 39. g4 Ka6 40. Kd3 g5 41. Kc4 b5+ 42. Kd3 Kb7 43. Ke3 Kc7 44. Kf3 Kd7 45. Kg3 Ke6 46. h4 Kf6 47. Kh3 Ke6 48. Kh2 Kf6 49. Kg3 Kg6 50. Kh3 Kf6 51. Kg3 Kg6 52. Kh3 Kf6 53. h5 Ke6 1/2-1/2